[Event "HUN-chT U18"]
[Site "Miskolc"]
[Date "2010.11.06"]
[Round "8.4"]
[White "Havanecz, Bianka"]
[Black "Meszaros, Daniel"]
[Result "1/2-1/2"]
[WhiteElo "1963"]
[BlackElo "1767"]
[PlyCount "40"]
[EventDate "2010.11.02"]
[EventType "team-swiss"]
[EventRounds "8"]
[EventCountry "HUN"]
[SourceTitle "EXT 2016"]
[Source "ChessBase"]
[SourceDate "2015.10.08"]
[SourceVersion "1"]
[SourceVersionDate "2015.10.08"]
[SourceQuality "1"]

1. d4 Nf6 2. c4 e6 3. Nf3 b6 4. g3 Bb7 5. Bg2 Be7 6. 0-0 Ne4 7. Nbd2 0-0 8. Qc2 f5 9. b3 d5 10. e3 Nd7 11. Bb2 Rc8 12. Rac1 c5 13. Qb1 Bf6 14. dxc5 bxc5 15. Qa1 Qc7 16. Rfd1 Bxb2 17. Qxb2 Rfd8 18. b4 Qb6 19. a3 Ndf6 20. Ne5 Ba8 1/2-1/2

[Event "HUN-chT U18"]
[Site "Miskolc"]
[Date "2010.11.05"]
[Round "6.1"]
[White "Makk, Robert"]
[Black "Meszaros, Daniel"]
[Result "1-0"]
[WhiteElo "2248"]
[BlackElo "1767"]
[PlyCount "55"]
[EventDate "2010.11.02"]
[EventType "team-swiss"]
[EventRounds "8"]
[EventCountry "HUN"]
[SourceTitle "EXT 2016"]
[Source "ChessBase"]
[SourceDate "2015.10.08"]
[SourceVersion "1"]
[SourceVersionDate "2015.10.08"]
[SourceQuality "1"]

1. e4 e5 2. Nf3 Nc6 3. Bc4 Nf6 4. d3 d5 5. exd5 Nxd5 6. Qe2 Bg4 7. c3 Be7 8. h3 Bxf3 9. Qxf3 Nf6 10. 0-0 0-0 11. Bb3 Ne8 12. Nd2 Kh8 13. Bd5 Qd7 14. Nc4 Bd6 15. Re1 Nf6 16. Bxc6 Qxc6 17. Qxc6 bxc6 18. Nxe5 Bxe5 19. Rxe5 Rfe8 20. Rxe8+ Rxe8 21. Kf1 Nd5 22. Bd2 g6 23. Re1 Rxe1+ 24. Kxe1 Kg7 25. c4 Ne7 26. Bf4 a6 27. Bxc7 Kf6 28. Bd8 1-0

[Event "HUN-chT U18"]
[Site "Miskolc"]
[Date "2010.11.05"]
[Round "7.3"]
[White "Meszaros, Daniel"]
[Black "Vicicko, Zoltan"]
[Result "0-1"]
[WhiteElo "1767"]
[BlackElo "1917"]
[PlyCount "80"]
[EventDate "2010.11.02"]
[EventType "team-swiss"]
[EventRounds "8"]
[EventCountry "HUN"]
[SourceTitle "EXT 2016"]
[Source "ChessBase"]
[SourceDate "2015.10.08"]
[SourceVersion "1"]
[SourceVersionDate "2015.10.08"]
[SourceQuality "1"]

1. e4 d6 2. d4 Nf6 3. Nc3 g6 4. Nf3 Bg7 5. Bf4 0-0 6. Qd2 c6 7. 0-0-0 b5 8. Bd3 Qa5 9. Kb1 b4 10. Ne2 Be6 11. Nc1 c5 12. Ng5 Bd7 13. dxc5 dxc5 14. Bc4 Bc6 15. e5 Ne4 16. Nxe4 Bxe4 17. Bd5 Bxd5 18. Qxd5 Na6 19. Nb3 Qb6 20. Qc4 Rac8 21. Rd7 Nb8 22. Rxe7 Nc6 23. Rd7 Nxe5 24. Bxe5 Bxe5 25. Rhd1 Qf6 26. Rxa7 Bxb2 27. f3 Rfe8 28. Rad7 Ra8 29. Nxc5 Ba1 30. R7d4 Qxd4 31. Qxd4 Bxd4 32. Rxd4 Re2 33. Rxb4 Rc8 34. Nb3 Rcxc2 35. a4 Rxg2 36. a5 Rc8 37. a6 Ra8 38. Nc5 Rxh2 39. Rb7 Rh5 40. a7 Rxc5 0-1

[Event "HUN-chT U18"]
[Site "Miskolc"]
[Date "2010.11.04"]
[Round "4.6"]
[White "Hos, Daniel Dominik"]
[Black "Meszaros, Daniel"]
[Result "0-1"]
[WhiteElo "1572"]
[BlackElo "1767"]
[PlyCount "62"]
[EventDate "2010.11.02"]
[EventType "team-swiss"]
[EventRounds "8"]
[EventCountry "HUN"]
[SourceTitle "EXT 2016"]
[Source "ChessBase"]
[SourceDate "2015.10.08"]
[SourceVersion "1"]
[SourceVersionDate "2015.10.08"]
[SourceQuality "1"]

1. e4 e5 2. Qh5 d6 3. Bc4 g6 4. Qf3 Nf6 5. h3 Bg7 6. Nc3 c6 7. Nge2 Nbd7 8. 0-0 0-0 9. d4 a6 10. a4 Nb6 11. Bb3 exd4 12. Nxd4 d5 13. Be3 c5 14. exd5 cxd4 15. Bxd4 Qd6 16. Rfe1 Nbd7 17. Ne2 b6 18. c4 Bb7 19. Nc3 Rfe8 20. Bc2 Rac8 21. b3 Nh5 22. Bxg7 Nxg7 23. Ne4 Qf8 24. Nf6+ Nxf6 25. Qxf6 Qb4 26. Rxe8+ Rxe8 27. d6 Ne6 28. Rd1 Rd8 29. Qe5 Qc5 30. Qg3 Nd4 31. Qc3 Ne2+ 0-1

[Event "HUN-chT U18"]
[Site "Miskolc"]
[Date "2010.11.03"]
[Round "2.10"]
[White "Meszaros, Daniel"]
[Black "Laszlo, Debora"]
[Result "0-1"]
[WhiteElo "1767"]
[BlackElo "1508"]
[PlyCount "94"]
[EventDate "2010.11.02"]
[EventType "team-swiss"]
[EventRounds "8"]
[EventCountry "HUN"]
[SourceTitle "EXT 2016"]
[Source "ChessBase"]
[SourceDate "2015.10.08"]
[SourceVersion "1"]
[SourceVersionDate "2015.10.08"]
[SourceQuality "1"]

1. e4 e5 2. Nf3 Nc6 3. Bb5 a6 4. Ba4 Nf6 5. 0-0 Be7 6. Bxc6 dxc6 7. d3 Bd6 8. Nbd2 0-0 9. b3 Nd7 10. Bb2 f6 11. Nc4 Nc5 12. d4 exd4 13. Qxd4 Ne6 14. Qc3 Nf4 15. Rae1 Bg4 16. e5 fxe5 17. Ncxe5 Bxe5 18. Qxe5 Qf6 19. Qxf6 gxf6 20. Re4 Bxf3 21. Rxf4 Be2 22. Re1 Rad8 23. Rd4 Rxd4 24. Bxd4 Bg4 25. h3 Bf5 26. c3 Kf7 27. f3 h5 28. g4 Bg6 29. Kf2 f5 30. gxf5 Bxf5 31. h4 Re8 32. Rg1 Rg8 33. Rxg8 Kxg8 34. Be5 Kf7 35. Bxc7 Ke6 36. Ke3 b5 37. b4 Bh3 38. f4 Kf5 39. Bd8 Bg2 40. Bg5 Bd5 41. a3 Ke6 42. Kd4 Kd6 43. f5 Kd7 44. Kc5 Kc7 45. Bf4+ Kd7 46. Kb6 Be4 47. f6 Ke6 0-1

[Event "HUN-ch U12"]
[Site "Budapest"]
[Date "2010.06.29"]
[Round "4"]
[White "Benedeczky, Lehel"]
[Black "Meszaros, Daniel"]
[Result "1-0"]
[WhiteElo "1807"]
[BlackElo "1761"]
[PlyCount "43"]
[EventDate "2010.06.26"]
[EventType "swiss"]
[EventRounds "9"]
[EventCountry "HUN"]
[SourceTitle "CBM 137 Extra"]
[Source "ChessBase"]
[SourceDate "2010.09.01"]
[SourceVersion "1"]
[SourceVersionDate "2010.09.01"]
[SourceQuality "1"]

1. d4 Nf6 2. Nf3 g6 3. Bf4 d5 4. e3 Bg7 5. Nbd2 0-0 6. Be2 Bf5 7. c3 Nbd7 8. Ne5 Ne4 9. f3 Nxd2 10. Qxd2 f6 11. Nxd7 Bxd7 12. 0-0-0 c6 13. h4 e5 14. dxe5 fxe5 15. Bg5 Qa5 16. a3 d4 17. Bc4+ Kh8 18. h5 dxc3 19. Qxd7 cxb2+ 20. Kb1 gxh5 21. Rxh5 e4 22. Bh6 1-0

[Event "HUN-ch U12"]
[Site "Balatonlelle"]
[Date "2009.07.01"]
[Round "5"]
[White "Meszaros, Daniel"]
[Black "Laza, Szabolcs"]
[Result "1-0"]
[WhiteElo "1822"]
[BlackElo "1725"]
[PlyCount "113"]
[EventDate "2009.06.27"]
[EventType "swiss"]
[EventRounds "9"]
[EventCountry "HUN"]
[SourceTitle "EXT 2011"]
[Source "ChessBase"]
[SourceDate "2010.11.26"]
[SourceVersion "1"]
[SourceVersionDate "2010.11.26"]
[SourceQuality "1"]

1. e4 c5 2. Nf3 d6 3. d4 cxd4 4. Qxd4 Nc6 5. Bb5 Bd7 6. Bxc6 Bxc6 7. Nc3 e6 8. Be3 Nf6 9. Bg5 Be7 10. 0-0-0 h6 11. Be3 0-0 12. h3 Qa5 13. Kb1 d5 14. e5 Ne4 15. Bd2 Bc5 16. Nxe4 Bxd4 17. Bxa5 Bb6 18. Bxb6 dxe4 19. Nd4 axb6 20. Nxc6 bxc6 21. Rhe1 Rfd8 22. Rxd8+ Rxd8 23. Kc1 f5 24. exf6 gxf6 25. Rxe4 Kf7 26. c3 Rg8 27. g3 Ra8 28. a3 Ra7 29. Kc2 e5 30. a4 Kg6 31. b3 b5 32. Rb4 bxa4 33. Rxa4 Rb7 34. Ra6 Rc7 35. c4 Kf5 36. Kd2 Ke4 37. Ke2 Kd4 38. Kd2 Kc5 39. Kc3 Kd6 40. Ra8 Rb7 41. b4 f5 42. Ra2 f4 43. gxf4 exf4 44. Rb2 Ra7 45. b5 cxb5 46. cxb5 Kc5 47. b6 Rb7 48. Kd3 Kd5 49. f3 Ke5 50. Rb5+ Kf6 51. Ke4 Re7+ 52. Kxf4 Rb7 53. Kg3 Rg7+ 54. Kf2 Rb7 55. f4 Kf7 56. Kf3 Kf6 57. h4 1-0

[Event "HUN-ch U12"]
[Site "Balatonlelle"]
[Date "2009.06.27"]
[Round "1"]
[White "Hajdinak, Martin"]
[Black "Meszaros, Daniel"]
[Result "0-1"]
[WhiteElo "1137"]
[BlackElo "1822"]
[PlyCount "58"]
[EventDate "2009.06.27"]
[EventType "swiss"]
[EventRounds "9"]
[EventCountry "HUN"]
[SourceTitle "EXT 2011"]
[Source "ChessBase"]
[SourceDate "2010.11.26"]
[SourceVersion "1"]
[SourceVersionDate "2010.11.26"]
[SourceQuality "1"]

1. e4 c5 2. Nf3 Nc6 3. Nc3 e6 4. Bb5 Be7 5. 0-0 d6 6. d3 Nf6 7. Be3 0-0 8. Bxc6 bxc6 9. h3 d5 10. e5 Nd7 11. Ne2 Bb7 12. Bf4 Nb6 13. c3 Qd7 14. Qd2 Rac8 15. Rfe1 Ba6 16. Rf1 Qb7 17. Rab1 Qc7 18. Ng3 c4 19. d4 c5 20. dxc5 Qxc5 21. Qd4 Qc7 22. Qd2 Na4 23. Qc2 Nc5 24. Bg5 Bxg5 25. Nxg5 Nd3 26. Qe2 Nxe5 27. Qc2 Nd3 28. Rfe1 h6 29. Re2 hxg5 0-1

[Event "HUN-chT2 Breyer 0809"]
[Site "Hungary"]
[Date "2008.12.21"]
[Round "4"]
[White "Rot, Norbert"]
[Black "Meszaros, Daniel"]
[Result "1-0"]
[WhiteElo "1823"]
[BlackElo "1849"]
[PlyCount "67"]
[EventDate "2008.10.26"]
[EventType "tourn"]
[EventRounds "11"]
[EventCountry "HUN"]
[SourceTitle "EXT 2010"]
[Source "ChessBase"]
[SourceDate "2010.11.25"]
[SourceVersion "1"]
[SourceVersionDate "2010.11.25"]
[SourceQuality "1"]
[WhiteTeam "Balatonfuered"]
[BlackTeam "Geniusz Tata"]
[WhiteTeamCountry "HUN"]
[BlackTeamCountry "HUN"]

1. e4 c5 2. Nf3 Nc6 3. d4 cxd4 4. Nxd4 Nf6 5. Nc3 e5 6. Ndb5 d6 7. Bg5 a6 8. Na3 b5 9. Nd5 Be7 10. Bxf6 Bxf6 11. c3 Ne7 12. Nc2 0-0 13. Ncb4 Be6 14. a4 Bd7 15. Nxf6+ gxf6 16. Qxd6 Nc8 17. Qd2 Nb6 18. a5 Nc4 19. Bxc4 bxc4 20. Rd1 Bb5 21. Qxd8 Raxd8 22. Ke2 Kg7 23. Rxd8 Rxd8 24. Rd1 Rxd1 25. Kxd1 Kg6 26. Nd5 Bd7 27. Kd2 Kg5 28. g3 Kg6 29. f3 f5 30. Ne3 Be6 31. exf5+ Bxf5 32. Nxc4 Kf6 33. b4 e4 34. Nd6 1-0

[Event "HUN-chT U18"]
[Site "Miskolc"]
[Date "2008.10.31"]
[Round "8.8"]
[White "Juhasz, Barbara"]
[Black "Meszaros, Daniel"]
[Result "1-0"]
[WhiteElo "1755"]
[BlackElo "1849"]
[PlyCount "83"]
[EventDate "2008.10.27"]
[EventType "team-swiss"]
[EventRounds "8"]
[EventCountry "HUN"]
[SourceTitle "EXT 2016"]
[Source "ChessBase"]
[SourceDate "2015.10.08"]
[SourceVersion "1"]
[SourceVersionDate "2015.10.08"]
[SourceQuality "1"]

1. e4 c5 2. Nf3 Nc6 3. Bb5 g6 4. Bxc6 bxc6 5. 0-0 Bg7 6. c3 d5 7. Qa4 Bd7 8. d3 h6 9. Nbd2 Qb6 10. Qb3 e6 11. Re1 Ne7 12. Nf1 0-0 13. Bf4 Rfe8 14. N1d2 Nc8 15. Ne5 Qd8 16. Qb7 Bxe5 17. Bxe5 Nb6 18. Bd6 Na4 19. Qb3 Qa5 20. e5 d4 21. Ne4 Kg7 22. cxd4 cxd4 23. Nf6 Red8 24. Re4 c5 25. Qc2 Bc6 26. Rg4 Rh8 27. Qe2 Nb6 28. h4 Nd7 29. Nxd7 Bxd7 30. Qf3 Qd8 31. Bxc5 Rc8 32. Bxd4 Bc6 33. Qe3 h5 34. Rg5 Qd5 35. Qe4 Qb5 36. Qe3 Rhd8 37. Rd1 Qb4 38. Bc5 Qxb2 39. Be7 Rd7 40. Bf6+ Kh7 41. Qg3 Qc2 42. Rxh5+ 1-0

[Event "HUN-chT U18"]
[Site "Miskolc"]
[Date "2008.10.30"]
[Round "7.5"]
[White "Bali, Eszter"]
[Black "Meszaros, Daniel"]
[Result "1-0"]
[WhiteElo "1979"]
[BlackElo "1849"]
[PlyCount "61"]
[EventDate "2008.10.27"]
[EventType "team-swiss"]
[EventRounds "8"]
[EventCountry "HUN"]
[SourceTitle "EXT 2016"]
[Source "ChessBase"]
[SourceDate "2015.10.08"]
[SourceVersion "1"]
[SourceVersionDate "2015.10.08"]
[SourceQuality "1"]

1. e4 c5 2. Nf3 Nc6 3. d4 cxd4 4. Nxd4 Nf6 5. Nc3 e5 6. Ndb5 d6 7. Bg5 a6 8. Na3 b5 9. Nd5 Be7 10. Bxf6 Bxf6 11. c3 Bg5 12. Nc2 Ne7 13. a4 bxa4 14. Rxa4 0-0 15. Bc4 a5 16. 0-0 Ba6 17. Bxa6 Rxa6 18. Ncb4 Ra8 19. Nxe7+ Bxe7 20. Nc6 Qc7 21. Qd5 Rfc8 22. Nxe7+ Qxe7 23. Rxa5 Rxa5 24. Qxa5 h6 25. Qa6 Rb8 26. b4 Qc7 27. Qd3 Ra8 28. c4 Qb6 29. b5 Qc5 30. Qd5 Qd4 31. Qxa8+ 1-0

[Event "HUN-chT U18"]
[Site "Miskolc"]
[Date "2008.10.30"]
[Round "6.6"]
[White "Meszaros, Daniel"]
[Black "Racz, Gabor"]
[Result "1/2-1/2"]
[WhiteElo "1849"]
[BlackElo "1856"]
[PlyCount "26"]
[EventDate "2008.10.27"]
[EventType "team-swiss"]
[EventRounds "8"]
[EventCountry "HUN"]
[SourceTitle "EXT 2016"]
[Source "ChessBase"]
[SourceDate "2015.10.08"]
[SourceVersion "1"]
[SourceVersionDate "2015.10.08"]
[SourceQuality "1"]

1. e4 c6 2. d4 d5 3. Nc3 dxe4 4. Nxe4 Nd7 5. Ng5 Ngf6 6. Bc4 e6 7. Qe2 Nb6 8. Bd3 Bd6 9. N1f3 h6 10. Ne4 Be7 11. Bd2 Nbd5 12. Ne5 Nxe4 13. Qxe4 Nf6 1/2-1/2

[Event "HUN-chT U18"]
[Site "Miskolc"]
[Date "2008.10.29"]
[Round "5.4"]
[White "Meszaros, Daniel"]
[Black "Gombos, Bettina"]
[Result "1-0"]
[WhiteElo "1849"]
[BlackElo "1738"]
[PlyCount "165"]
[EventDate "2008.10.27"]
[EventType "team-swiss"]
[EventRounds "8"]
[EventCountry "HUN"]
[SourceTitle "EXT 2016"]
[Source "ChessBase"]
[SourceDate "2015.10.08"]
[SourceVersion "1"]
[SourceVersionDate "2015.10.08"]
[SourceQuality "1"]

1. e4 c5 2. Nf3 e6 3. c4 Nc6 4. Nc3 a6 5. Be2 d6 6. 0-0 Be7 7. d4 cxd4 8. Nxd4 Bd7 9. Be3 Nf6 10. Kh1 0-0 11. Rc1 Rc8 12. f3 Ne5 13. b3 Ng6 14. Qd2 Bc6 15. Rcd1 d5 16. Nxc6 bxc6 17. exd5 cxd5 18. Qb2 Bb4 19. a3 Bxc3 20. Qxc3 Qe7 21. c5 Rc6 22. b4 Rb8 23. a4 Nd7 24. Rb1 e5 25. Bd2 d4 26. Qa3 Nf4 27. Bd3 Nxd3 28. Qxd3 Rg6 29. Rfc1 Rc6 30. Qe4 Qe6 31. b5 axb5 32. Rxb5 Rxb5 33. axb5 Rc8 34. c6 Nb6 35. c7 Nc4 36. b6 Nxb6 37. Qb7 Nd5 38. Rc6 Qd7 39. Ba5 g6 40. Rd6 Qxd6 41. Qxc8+ Kg7 42. Qd8 Qa3 43. h3 Nxc7 44. Qxc7 Qe3 45. Qc2 d3 46. Qd2 Qc5 47. Bc3 Qd5 48. Kg1 f6 49. Kf1 e4 50. Qe3 Qc4 51. Bd2 exf3 52. Qxf3 Qc2 53. Qe3 Qb1+ 54. Qe1 Qb5 55. Qe7+ Kg8 56. Qxf6 Qb1+ 57. Kf2 Qc2 58. Qc3 Qb1 59. Qc8+ Kf7 60. Qd7+ Kg8 61. Qe6+ Kg7 62. Qe3 Qc2 63. Kf3 Qd1+ 64. Ke4 Qa4+ 65. Qd4+ Qxd4+ 66. Kxd4 Kf6 67. g3 h5 68. h4 Kf5 69. Kxd3 Kg4 70. Bf4 Kf5 71. Kd4 Kf6 72. Kd5 Kf5 73. Be5 g5 74. Bc7 Kg4 75. Bd8 gxh4 76. gxh4 Kf5 77. Bg5 Kg6 78. Ke6 Kg7 79. Kf5 Kh7 80. Kf6 Kh8 81. Kg6 Kg8 82. Kxh5 Kh7 83. Bf6 1-0